000
00291nam a2200097Ia 4500
008
241105s9999 xx 000 0 und d
041
_a
eng
100
_a
Kolhe Kavita
_9
182677
245
_a
Landscape Development Of Muktai Temple Precinct At Narayangaon
260
_b
M Arch Landscape, Pune
_c
2014
999
_c
360968
_d
360968